O assobiador | seguido de uma troca de cartas entre o autor e Ana Paula Tavares (Registo nº 17468)

Detalhes MARC
000 -Etiqueta do registo
campo de controlo de comprimento fixo 006740000a22002170004500
001 - Identificador do registo
Campo de controlo 17468
010 ## - ISBN
Número (ISBN) 972-21-1469-7
100 ## - Dados Gerais de Proc.
Dados gerais de processamento 20041220d2002 m y0pory5003 ba
101 0# - Língua da publicação
Língua do texto, banda sonora, etc. Português
102 ## - País de Publicação
País de publicação Portugal
200 1# - Título
Título próprio O assobiador
200 ## - Título
Título próprio seguido de uma troca de cartas entre o autor e Ana Paula Tavares
Informação de outro título novela
Primeira menção de responsabilidade Ondjaki
210 ## - Publicação, Distribuição
Lugar da edição, distribuição, etc. Lisboa
Nome do editor, distribuidor, etc. Caminho
Data da publicação, distribuição, etc. 2002
215 ## - Descrição física
Descrição física 117, [9] p
225 2# - Colecção
Título próprio da colecção Uma terra sem amos
Indicação de volume 124
675 ## - CDU
Notação 821.134.3(673)-32"19/20"
Edição BN
Língua da edição Português
700 #0 - Responsabilidade principal
Palavra de ordem Ondjaki
Elementos de identificação ou distinção pseud.
701 #1 - Co-responsabilidade principal
Koha Internal Code 44815
Código de função Autor
Palavra de ordem Tavares
Outra parte do nome Ana Paula
Datas 1952-
090 ## - Números de controlo do sistema (Koha)
Número biblioitem do Koha (gerado automaticamente) 17468
942 ## - Elementos de entrada adicionados (Koha)
Tipo de item no Koha Monografias
Suprimido Disponível no OPAC
999 ## - Campo local
Campo local 17468
-- Bibliobase - BMTAV
-- 2019-01-21
Exemplares
Removido (estado) Perdido (estado) Data de aquisição Origem do registo (biblioteca) (codificado) Código da organização que empresta ou é detentora (biblioteca) Código de barras Local Número de inventário Cota Data de empréstimo ou depósito Tipo de circulação (não pode ser emprestado) Tipo de item e material
Disponível Disponível 2004-12-20 Biblioteca Municipal Álvaro de Campos Biblioteca Municipal Álvaro de Campos BMTAV33129 Sala de Adultos 33129 R4 OND 2023-07-19 Normal Monografias